| 000 | 00378nam a22001457a 4500 | ||
|---|---|---|---|
| 999 |
_c258056 _d258055 |
||
| 003 | OSt | ||
| 005 | 20200123110601.0 | ||
| 008 | 200123b xxu||||| |||| 00| 0 eng d | ||
| 020 | _a9788120807626 | ||
| 040 | _cN/A | ||
| 100 | _aR.C Prasad | ||
| 245 |
_aSri Ramacaritamanasa _bThe holy lake of the acts of Rama |
||
| 260 |
_aDelhi _bMotilal Banarsidass _c2018 |
||
| 942 |
_2lcc _cBK |
||